000 00636nam a2200169Ia 4500
999 _c15121
_d15121
082 _aTS.1048
100 _aSubbarayudu, H.
245 0 _aImpact of institutional loans on the selected beneficiaries: with special reference to Andhra Pragathi Grameena Bank in Anantapur District
260 _c2010
_bSri Krishnadevaraya University, Anantapur
300 _a298
504 _aincludes bibliography
650 _aAndhra Pragathi Grameena Bank
_zIndia
_zAnantapur District
650 _aBanks and Banking
_zIndia
_zAnantapur District
650 _aBank loans
_zIndia
_zAnantapur District
710 _aSiva Sankaralah, M.
942 _cTH
_2ddc